000 00502nam a2200145Ia 4500
008 170221s9999 xx 000 0 und d
100 _aChien-Chung Chen
245 _aDetecting moderator effects on construct relationships in empirical sales research: a meta-analysis
245 _cChien-Chung Chen, Stillman College.
260 _bJournal of Management and Marketing Research
260 _c2012
300 _a32 : 12
650 _xBusiness
856 _uhttp://www.aabri.com/manuscripts/121252.pdf
999 _c311334
_d311334